A concurrent Pascal compiler for minicomputers /

Guardado en:
Detalles Bibliográficos
Autor principal: Hartmann, Alfred C (Autor)
Formato: Libro
Lenguaje:inglés
Publicado: Berlin : Springer Verlag, 1977
Colección:Lecture Notes in Computer Science 50
Etiquetas: Agregar Etiqueta
Sin Etiquetas, Sea el primero en etiquetar este registro!

MARC

LEADER 00000nam a22000003a 4500
001 stu598
005 20150617225618.3
008 910611s1977----gw------------------eng-d
040 |a STU  |b slo 
041 0 |a eng 
044 |a gw 
080 |a 681.3-181.4 
100 1 |a Hartmann, Alfred C  |4 aut 
245 1 |a A concurrent Pascal compiler for minicomputers /  |c [aut.] Hartmann,Alfred C 
260 |a Berlin :  |b Springer Verlag,  |c 1977 
300 |a 119 s 
830 0 |a Lecture Notes in Computer Science  |v 50 
996 |c I*16PJ4469  |l I  |s A  |a 24  |w stu598_0001